[Event "CZE-ch Betsys Online Blitz"]
[Site "Chess.com INT"]
[Date "2021.04.17"]
[Round "13"]
[White "Galda, Tomas"]
[Black "Horak, Jan"]
[Result "1-0"]
[WhiteElo "1552"]
[BlackElo "2072"]
[PlyCount "105"]
[EventDate "2021.04.17"]
[EventType "swiss (blitz)"]
[EventRounds "13"]
[EventCountry "CZE"]
[SourceTitle "CBM 201 Extra"]
[Source "ChessBase"]
[SourceDate "2021.05.31"]
[SourceVersion "1"]
[SourceVersionDate "2021.05.31"]
[SourceQuality "1"]

1. e4 e6 2. d4 d5 3. e5 c5 4. c3 Nc6 5. Nf3 Bd7 6. Be3 Nh6 7. Bd3 Qb6 8. Qb3 cxd4 9. Qxb6 axb6 10. Bxd4 Bc5 11. Nbd2 Bxd4 12. cxd4 Nb4 13. Bb1 Bb5 14. a3 0-0 15. Nb3 Nd3+ 16. Bxd3 Bxd3 17. Kd2 Be4 18. Ke2 Bc2 19. Nfd2 Rfc8 20. Rhc1 Nf5 21. g4 Ne7 22. f4 Ng6 23. Ke3 Ra4 24. Ra2 Ne7 25. Na1 Bg6 26. Rxc8+ Nxc8 27. b3 Ra8 28. b4 Ne7 29. Nab3 h5 30. h3 Rc8 31. gxh5 Rc3+ 32. Kf2 Bxh5 33. a4 Rxh3 34. a5 bxa5 35. bxa5 Nc6 36. Nc5 Nxd4 37. Nxb7 Rh2+ 38. Ke3 Nf5+ 39. Kd3 Be2+ 40. Kc3 Bb5 41. a6 d4+ 42. Kc2 Ne3+ 43. Kc1 Rh1+ 44. Kb2 Bxa6 45. Rxa6 Rh2 46. Ra8+ Kh7 47. Kc1 Rh1+ 48. Kb2 Rh2 49. Kb3 Rxd2 50. Rf8 Kg6 51. Nd6 Nf5 52. Nxf7 d3 53. Nd8 1-0